| 000 | 00669nam a2200217 a 4500 | ||
|---|---|---|---|
| 999 |
_c3381 _d3381 |
||
| 001 | 3381 | ||
| 003 | BD-JhCC | ||
| 005 | 20171113195116.0 | ||
| 008 | 171106s1395 bg a|||| ||a| 000 0 ben d | ||
| 035 | _a(BD-JhCC)3381 | ||
| 040 |
_aBD-JhCC _dBD-JhCC |
||
| 041 | _aben | ||
| 082 |
_a923.1 _bBAS 1976 |
||
| 100 | _aবাসেত, আবদুল | ||
| 245 |
_aগায়ের নাম মিঠাখালী / _cআবদুল বাসেত |
||
| 260 |
_aঢাকা : _bইউনিভার্সিটি প্রেস লিমিটেড, _c1976. |
||
| 300 |
_a157 p. : _c22 cm. _billu; |
||
| 650 | _aBiography | ||
| 942 |
_2ddc _cBK |
||